000 00590nam a2200217 a 4500
999 _c9627
_d9627
003 PK-NaQUE
005 20250926093635.0
008 250926b ||||| |||| 00| 0 eng d
020 _a0070194777 (hardcover)
020 _a9780070194779 (hardcover)
040 _cQUEST
082 _a621.84ULA
100 1 _aUlanski, Wayne.
245 1 0 _aValve and Actuator Technology /
260 _a[S.l.] :
_bMcgraw-Hill (Tx),
_c1991.
300 _a256 p. ;
650 _aValves
650 _aActuators
856 4 0 _uhttp://10.10.170.122:8080/browse/book/28516
_yDownload eBook
942 _cBK
_2ddc